000 00661nam a22002177a 4500
005 20150622164752.0
010 _aENG-113093
020 _a978818789188802
_c400.00
020 _a8187891882
_c400.00
035 _aEN-96625
037 _bDBAD/PUB
082 _a510
100 _aPalit, Chittabrata
245 _aAsutosh Mookerjee:
_cby Chittabrata Palit [and] Abhinandan Das
_bmathesis of mathematics /
260 _bReaders Service
_c2010
_aKolkata
270 _bKolkata
_e700075
_a59/5A, Garfa Main Road
300 _a288p.
_c22cm(Hb)
490 _aNational science series 6
700 _aDas, Abhinandan
942 _2ddc
_cEN
_mPAL
_h510
999 _c93770
_d93770